Arabian Nights Stories by Clue - Statistics

General Stats
  • This quiz has been taken 13 times
  • The average score is 2 of 7
Answer Stats
Hint Answer % Correct
A generous sailor tells stories of his travels around the world to an arrogant young man The Seven Voyages of Sinbad the Sailor
75%
A clever housemaid defeats a group of bandits, which were coming after her master Ali Baba and the Forty Thieves
58%
A genie curses a fisherman The Fisherman and the Jinnee
25%
A prince discovers a magical horse that is controlled by a set of keys The Ebony Horse
8%
A man flees his country after farting at his wedding Abu Hasan and the Fart
0%
A man’s uncle gives the man a lamp which contains a genie Aladdin’s Wonderful Lamp
0%
The body of a woman appears in a chest, and a man must discover the murderer or he will be executed The Three Apples
0%
No matching quizzes found
Score Distribution
Percent of People with Each Score
Percentile by Number Answered
Your Score History
You have not taken this quiz